000 01100cam a22002774a 4500
001 16027668
003 OSt
005 20210414114446.0
008 091218s2010 enk b 001 0 eng
010 _a 2009053398
020 _a9780415458443
040 _aDLC
_cDLC
043 _ae-uk-en
050 0 0 _aKD833.D59
100 1 _aDixon, Martin
245 1 0 _aModern land law. /
_cMartin Dixon.
250 _a6th ed.
260 _aLondon:
_bRoutledge,
_c2009.
300 _axlv, 545 p. :
_c25 cm.
500 _aIncludes bibliographical references and index.
505 0 _aContents: An introduction to modern land law -- Registered land -- Unregistered land -- Co-ownership -- Successive interests in land -- Leases -- The Law of easements and profits -- Freehold covenants -- Licenses and proprietary Estoppel -- The Law of mortgages -- Adverse possession.
650 0 _aLand tenure
_xLaw and legislation
_zEngland.
906 _a7
_bcbc
_corignew
_d1
_eecip
_f20
_gy-gencatlg
942 _2lcc
_cBK
999 _c5498
_d12998